| 000 | 00713cam a2200229 4500 | ||
|---|---|---|---|
| 001 | ABS62748 | ||
| 008 | 000000n2000 000 0 eng u | ||
| 035 | _a(Sirsi) u108121 | ||
| 100 | _aWebber, G. | ||
| 245 | _aAccess to justice | ||
| 260 | _c2000 | ||
| 490 |
_aSolicitors' Journal _v144(32) 18 August 2000, 775(1) |
||
| 520 | _aSummarises the new proposals for possession claims and claims under the Landlord and Tenant Act 1954 in relation to the Civil Procedure Rules. | ||
| 590 | _aABS | ||
| 650 | _aPOSSESSION | ||
| 650 | _aCIVIL PROCEDURE RULES | ||
| 650 | _aLANDLORD AND TENANT ACT 1954 | ||
| 650 | _aCLAIMS | ||
| 650 | _aWOOLF REFORMS | ||
| 690 |
_aLandlord and tenant _96252 |
||
| 942 | _n0 | ||
| 999 |
_c64581 _d64581 |
||